| 000 | 00445nam a2200169Ia 4500 | ||
|---|---|---|---|
| 001 | 67436 | ||
| 008 | 150604s9999 xx 000 0 und d | ||
| 020 | _aNA | ||
| 040 | _cPK-LaUMT | ||
| 082 |
_a 297.4 _bSHA-S |
||
| 100 | _aShah Mehrad Soharwardi | ||
| 245 |
_aShan-e-auliya almaroof haftaad auliya (Urdu) _cShah Mehrad Soharwardi |
||
| 260 |
_aLahore,Pakistan: _bAl-Minar Book Center, _cNA |
||
| 300 | _a540 p. | ||
| 546 | _aUR | ||
| 942 | _cBK | ||
| 999 |
_c72812 _d72812 |
||